[Event "Bodenseecup"]
[Site "Pfullendorf"]
[Date "2003.05.03"]
[Round "2.12"]
[White "Hindermann, Felix"]
[Black "Lauer, Moritz"]
[Result "1-0"]
[WhiteElo "2184"]
[BlackElo "2169"]
[PlyCount "120"]
[EventDate "2003.05.??"]
[SourceDate "2003.05.03"]
[WhiteTeam "Schweiz"]
[BlackTeam "Bayern"]

1. b3 e5 2. Bb2 Nc6 3. e3 d5 4. Bb5 Bd6 5. f4 f6 6. Qh5+ g6 7. Qh4 exf4 8. exf4
Bd7 9. Ne2 Qe7 10. O-O O-O-O 11. Nbc3 Qf7 12. Nd1 Bb4 13. Bxc6 Bxc6 14. Nd4 Bd7
15. Bc3 Bc5 16. Ne3 Ne7 17. b4 Bb6 18. a4 Kb8 19. a5 Bxd4 20. Bxd4 Rhf8 21. Bc5
Bb5 22. Rfe1 Rfe8 23. Bd4 Ng8 24. Ng4 Rxe1+ 25. Rxe1 Rd6 26. Qf2 a6 27. Qe3 Bd7
28. Qe2 Re6 29. Ne3 Re4 30. Qd3 Bb5 31. Qc3 Re6 32. Qc5 Bc6 33. Rf1 Re8 34. f5
g5 35. Rb1 Kc8 36. d3 Qe7 37. Qxe7 Rxe7 38. g4 Kd7 39. Rf1 Ke8 40. Rf3 Kf7 41.
Kf2 Be8 42. Nf1 Kg7 43. Re3 h5 44. h3 hxg4 45. hxg4 Rxe3 46. Nxe3 Bc6 47. Bc5
Kf7 48. Ke2 Nh6 49. Kf2 Ke8 50. Bd4 Ke7 51. Bc5+ Ke8 52. Bd4 Kf7 53. Kf3 Ke7
54. Bc5+ Ke8 55. Bd4 Nf7 56. Ke2 Ke7 57. Bc5+ Nd6 58. Nd1 Kd7 59. Bxd6 Kxd6 60.
d4 Bb5+ 1-0

[Event "Bodenseecup"]
[Site "Pfullendorf"]
[Date "2003.05.04"]
[Round "3.1"]
[White "Jenni, Florian"]
[Black "Siegel, Georg"]
[Result "1/2-1/2"]
[WhiteElo "2516"]
[BlackElo "2442"]
[PlyCount "142"]
[EventDate "2003.05.??"]
[SourceDate "2003.05.03"]
[WhiteTeam "Schweiz"]
[BlackTeam "Baden"]

1. e4 c6 2. d4 d5 3. Nc3 dxe4 4. Nxe4 Bf5 5. Ng3 Bg6 6. Nf3 Nf6 7. h4 h6 8. h5
Bh7 9. Bd3 Bxd3 10. Qxd3 e6 11. Bf4 Be7 12. O-O-O O-O 13. Kb1 Nbd7 14. Ne4 c5
15. Ne5 cxd4 16. Qxd4 Nb6 17. Nxf6+ Bxf6 18. Qe4 Qe7 19. Ng4 Rfd8 20. Nxf6+
Qxf6 21. Qe5 Qxe5 22. Bxe5 Rac8 23. b3 Nd5 24. c4 Nb4 25. Bd4 b6 26. Be3 f5 27.
f4 Kf7 28. a3 Nc6 29. Kc2 g6 30. hxg6+ Kxg6 31. Kc3 h5 32. Bf2 Na5 33. Bh4 Rd5
34. Kb2 Rxd1 35. Rxd1 Rc7 36. Rd8 Nb7 37. Rg8+ Kh7 38. Re8 Nc5 39. Kc3 Kg6 40.
Re7 Rc6 41. Rxa7 Rd6 42. Rc7 Rd3+ 43. Kc2 Rd4 44. b4 Rxc4+ 45. Kb1 Rxf4 46.
bxc5 bxc5 47. Bg3 Rf1+ 48. Kc2 f4 49. Bh4 Rg1 50. Kd3 Rxg2 51. Ke4 Ra2 52. Ra7
c4 53. Ra6 Kf7 54. Kxf4 c3 55. Rc6 Rxa3 56. Kg5 Ra5+ 57. Kh6 e5 58. Kxh5 Ra3
59. Kg4 c2 60. Bg5 e4 61. Kf5 Ra2 62. Be3 Ke8 63. Kf4 Kd7 64. Rc4 Ke6 65. Kxe4
Ke7 66. Bf4 Ke8 67. Rc7 Ra5 68. Rxc2 Ra7 69. Be5 Rf7 70. Kd5 Rd7+ 71. Bd6 Rh7
1/2-1/2

[Event "Bodenseecup"]
[Site "Pfullendorf"]
[Date "2003.05.04"]
[Round "3.2"]
[White "Miltner, Arndt"]
[Black "Ballmann, Martin"]
[Result "1/2-1/2"]
[WhiteElo "2368"]
[BlackElo "2422"]
[PlyCount "28"]
[EventDate "2003.05.??"]
[SourceDate "2003.05.03"]
[WhiteTeam "Baden"]
[BlackTeam "Schweiz"]

1. d4 Nf6 2. Nf3 g6 3. e3 Bg7 4. b4 b6 5. Bb2 Bb7 6. Be2 c5 7. dxc5 bxc5 8. b5
O-O 9. O-O a6 10. a4 axb5 11. axb5 Rxa1 12. Bxa1 d6 13. c4 Nbd7 14. Nbd2 Qc7
1/2-1/2

[Event "Bodenseecup"]
[Site "Pfullendorf"]
[Date "2003.05.04"]
[Round "3.3"]
[White "Moor, Roger"]
[Black "Arnold, Lothar"]
[Result "1-0"]
[WhiteElo "2405"]
[BlackElo "2368"]
[PlyCount "125"]
[EventDate "2003.05.??"]
[SourceDate "2003.05.03"]
[WhiteTeam "Schweiz"]
[BlackTeam "Baden"]

1. c4 e5 2. g3 Nf6 3. Bg2 d5 4. cxd5 Nxd5 5. Nc3 Nb6 6. Nf3 Nc6 7. O-O Be7 8.
Rb1 O-O 9. b4 a6 10. a3 Re8 11. d3 Bf8 12. Bb2 Bg4 13. Ne4 Rb8 14. Rc1 f6 15.
Qc2 Qd7 16. Rfd1 Qf7 17. d4 exd4 18. Nxd4 Nxd4 19. Rxd4 Qh5 20. h3 Be6 21. Nc5
Bxc5 22. bxc5 Nd7 23. Rh4 Qg6 24. Be4 f5 25. Rg4 fxe4 26. Rxg6 hxg6 27. Qxe4
Nf8 28. Qf4 Re7 29. Rd1 Rbe8 30. h4 c6 31. Rd6 Bd5 32. Qd4 Rf7 33. Qd2 Bc4 34.
e3 Bd5 35. Qc3 Re4 36. Rd8 Rc4 37. Qd2 Rxc5 38. Bc3 Bf3 39. Bb4 Rd5 40. Rxd5
cxd5 41. Qc2 Be4 42. Qc8 Bf3 43. g4 Be4 44. Bxf8 Rxf8 45. Qxb7 Rf6 46. g5 Re6
47. Kh2 Kh7 48. Kg3 d4 49. Qd7 Bf5 50. Qxd4 Re4 51. Qd1 a5 52. Qd2 Rg4+ 53. Kf3
a4 54. Qd5 Rxh4 55. e4 Bxe4+ 56. Qxe4 Rh3+ 57. Kg4 Rxa3 58. f4 Ra1 59. f5 Rg1+
60. Kh4 gxf5 61. Qxf5+ g6 62. Qf7+ Kh8 63. Qf8+ 1-0

[Event "Bodenseecup"]
[Site "Pfullendorf"]
[Date "2003.05.04"]
[Round "3.4"]
[White "Wippermann, Till"]
[Black "Moor, Olivier"]
[Result "1/2-1/2"]
[WhiteElo "2366"]
[BlackElo "2350"]
[PlyCount "21"]
[EventDate "2003.05.??"]
[SourceDate "2003.05.03"]
[WhiteTeam "Baden"]
[BlackTeam "Schweiz"]

1. e4 e6 2. Qe2 c5 3. Nf3 Nc6 4. g3 Be7 5. Bg2 d5 6. d3 Nf6 7. O-O O-O 8. e5
Nd7 9. c4 Re8 10. h4 Rb8 11. Bf4 1/2-1/2

[Event "Bodenseecup"]
[Site "Pfullendorf"]
[Date "2003.05.04"]
[Round "3.6"]
[White "Wegerle, Joerg"]
[Black "Papa, Severin"]
[Result "1/2-1/2"]
[WhiteElo "2361"]
[BlackElo "2366"]
[PlyCount "27"]
[EventDate "2003.05.??"]
[SourceDate "2003.05.03"]
[WhiteTeam "Baden"]
[BlackTeam "Schweiz"]

1. e4 e6 2. d4 d5 3. Nc3 Bb4 4. exd5 exd5 5. Bd3 Nf6 6. Nge2 O-O 7. O-O Bg4 8.
f3 Bh5 9. Bg5 c6 10. Nf4 Bg6 11. Nxg6 fxg6 12. Ne2 Bd6 13. Qd2 Nbd7 14. c3
1/2-1/2

[Event "Bodenseecup"]
[Site "Pfullendorf"]
[Date "2003.05.04"]
[Round "3.7"]
[White "Loetscher, Roland"]
[Black "Werner, Clemens"]
[Result "0-1"]
[WhiteElo "2378"]
[BlackElo "2334"]
[PlyCount "127"]
[EventDate "2003.05.??"]
[SourceDate "2003.05.03"]
[WhiteTeam "Schweiz"]
[BlackTeam "Baden"]

1. d4 d5 2. c4 c6 3. Nf3 Nf6 4. Qc2 g6 5. Bf4 Bg7 6. e3 O-O 7. Bd3 Na6 8. a3 c5
9. O-O cxd4 10. Nxd4 Qb6 11. Nc3 dxc4 12. Bxc4 Bd7 13. b4 Rac8 14. Qb3 e6 15.
Rfd1 h6 16. Be5 Nb8 17. Nde2 Rfd8 18. Rd6 Qc7 19. Bb5 Ng4 20. Bg3 Ne5 21. Rad1
Bc6 22. Rxd8+ Rxd8 23. h3 a6 24. Bxc6 Nbxc6 25. Ne4 Rxd1+ 26. Qxd1 Qd8 27.
Qxd8+ Nxd8 28. Nc5 f5 29. Nd4 Kf7 30. Kf1 Ke7 31. Ke2 Nd7 32. Nxd7 Kxd7 33. Kd3
e5 34. Nb3 Ne6 35. f3 b5 36. e4 Kc6 37. Na5+ Kd6 38. Nb3 h5 39. Bh2 Kc6 40. g4
fxg4 41. hxg4 h4 42. Nd2 Kd6 43. g5 Kc6 44. f4 Nxf4+ 45. Ke3 Kd6 46. Kf3 Ke6
47. Kg4 h3 48. Nf3 Nd3 49. Bg3 Nf4 50. Bxf4 exf4 51. Kxh3 Bb2 52. Kg4 Bxa3 53.
Kxf4 Bxb4 54. Nd4+ Kf7 55. e5 Bd2+ 56. Ke4 Bxg5 57. e6+ Ke8 58. Kd5 Bf6 59. Nb3
g5 60. Nc5 a5 61. Nb7 a4 62. Nd6+ Kf8 63. Nxb5 Bb2 64. Ke4 0-1

[Event "Bodenseecup"]
[Site "Pfullendorf"]
[Date "2003.05.04"]
[Round "3.9"]
[White "Hochstrasser, Michael"]
[Black "Metz, Hartmut"]
[Result "1/2-1/2"]
[WhiteElo "2359"]
[BlackElo "2351"]
[PlyCount "73"]
[EventDate "2003.05.??"]
[SourceDate "2003.05.03"]
[WhiteTeam "Schweiz"]
[BlackTeam "Baden"]

1. d4 c6 2. c4 d5 3. Nf3 Nf6 4. Qc2 dxc4 5. Qxc4 Bf5 6. g3 e6 7. Bg2 Nbd7 8.
O-O Be7 9. Nc3 Ne4 10. Nxe4 Bxe4 11. Rd1 O-O 12. Ne1 Bxg2 13. Nxg2 Nf6 14. b3
Qa5 15. Bb2 Rfd8 16. Nf4 Rd7 17. Qc3 Qf5 18. f3 Rad8 19. Rd3 h5 20. Rad1 Nd5
21. Nxd5 exd5 22. Qe1 Bd6 23. e4 dxe4 24. fxe4 Qg4 25. Qe3 Re7 26. e5 Bc7 27.
Kg2 Bb6 28. Qf3 Qg6 29. Ba3 Red7 30. Bd6 Re8 31. Rf1 Bc7 32. Bxc7 Rxc7 33. Qf5
Qxf5 34. Rxf5 g6 35. Rf2 Rd7 36. Re2 f6 37. Rf3 1/2-1/2

[Event "Bodenseecup"]
[Site "Pfullendorf"]
[Date "2003.05.04"]
[Round "3.10"]
[White "Scherer, Max"]
[Black "Georges, Sascha"]
[Result "0-1"]
[WhiteElo "2296"]
[BlackElo "2288"]
[PlyCount "86"]
[EventDate "2003.05.??"]
[SourceDate "2003.05.03"]
[WhiteTeam "Baden"]
[BlackTeam "Schweiz"]

1. c4 g6 2. g3 Bg7 3. Bg2 Nf6 4. Nc3 O-O 5. b4 c6 6. Rb1 d5 7. cxd5 cxd5 8. Nf3
Re8 9. O-O e5 10. d4 e4 11. Nd2 Bf5 12. Nb3 Nc6 13. b5 Na5 14. Nxa5 Qxa5 15.
Bd2 e3 16. fxe3 Bxb1 17. Qxb1 Qa3 18. Nxd5 Nxd5 19. Bxd5 Re7 20. Bb3 a5 21. Qd3
Qd6 22. Bc1 Qb6 23. Ba3 Rd7 24. Qc4 Kh8 25. Bc5 Qd8 26. Rxf7 Rxf7 27. Qxf7 b6
28. Ba3 Qg5 29. Qf3 Re8 30. Bf7 Qxe3+ 31. Qxe3 Rxe3 32. Bc1 Rxe2 33. Kf1 Re7
34. Bc4 Rc7 35. Be3 Rxc4 36. d5 Bd4 37. Bf4 Kg8 38. d6 Kf7 39. Ke2 Be5 40. Be3
Bxd6 41. Bxb6 Rc2+ 42. Kd3 Rxa2 43. Kc4 Ke6 0-1

[Event "Bodenseecup"]
[Site "Pfullendorf"]
[Date "2003.05.04"]
[Round "3.11"]
[White "Zenklusen, Rico"]
[Black "Schneider, Bernd2"]
[Result "1-0"]
[WhiteElo "2279"]
[BlackElo "2224"]
[PlyCount "93"]
[EventDate "2003.05.??"]
[SourceDate "2003.05.03"]
[WhiteTeam "Schweiz"]
[BlackTeam "Baden"]

1. e4 c5 2. Nf3 e6 3. d4 cxd4 4. Nxd4 a6 5. Nc3 Qc7 6. g3 Be7 7. Bg2 Nf6 8. O-O
Nc6 9. Re1 d6 10. Nxc6 bxc6 11. e5 dxe5 12. Rxe5 O-O 13. Qe1 Bb7 14. Na4 Bd6
15. Re2 c5 16. Bxb7 Qxb7 17. c4 e5 18. b3 Rfe8 19. Bg5 Nd7 20. Rd1 Re6 21. Rd5
Qc6 22. Qd1 a5 23. Red2 Ra6 24. Be3 f5 25. f3 f4 26. Bf2 fxg3 27. hxg3 e4 28.
fxe4 Nf6 29. e5 Bxe5 30. Nxc5 Bxg3 31. Bxg3 Nxd5 32. Rxd5 Rg6 33. Nxa6 h6 34.
Kh2 Qxa6 35. Rd8+ Kh7 36. Rd6 Rxd6 37. Qxd6 Qb7 38. Qd3+ Kh8 39. Qd8+ Kh7 40.
Qd3+ Kh8 41. Be5 Qf7 42. Qg3 Qh5+ 43. Kg1 Qd1+ 44. Kf2 Qd2+ 45. Kf3 Qd3+ 46.
Kf4 Qd2+ 47. Ke4 1-0

[Event "Bodenseecup"]
[Site "Pfullendorf"]
[Date "2003.05.04"]
[Round "3.12"]
[White "Hofrichter, Jens"]
[Black "Hindermann, Felix"]
[Result "1/2-1/2"]
[WhiteElo "2156"]
[BlackElo "2184"]
[PlyCount "106"]
[EventDate "2003.05.??"]
[SourceDate "2003.05.03"]
[WhiteTeam "Baden"]
[BlackTeam "Schweiz"]

1. e4 e6 2. d4 d5 3. Nc3 Bb4 4. e5 c5 5. a3 Ba5 6. b4 cxd4 7. Nb5 Bc7 8. f4 a5
9. Bd2 Nh6 10. Nxd4 Nc6 11. Ngf3 Nxd4 12. Nxd4 Bxe5 13. Bb5+ Bd7 14. Bxd7+ Kxd7
15. c3 Bxd4 16. Qa4+ Ke7 17. cxd4 Qd7 18. b5 Rhc8 19. O-O Rc4 20. Qd1 Nf5 21.
a4 Rxd4 22. Qe1 h5 23. Bxa5 Re4 24. Bb4+ Ke8 25. Qd2 Rc8 26. Rfe1 Rxe1+ 27.
Rxe1 Rc4 28. Rc1 Qc7 29. Rxc4 Qxc4 30. Qc3 Qxc3 31. Bxc3 Kd7 32. Kf2 f6 33. Ke2
Nd6 34. Kd3 Ne4 35. Bb4 e5 36. fxe5 fxe5 37. Bf8 g6 38. Ke3 Nd6 39. Kd3 Nc4 40.
Kc3 Ke6 41. Bc5 Kf5 42. Kb4 b6 43. Bxb6 Nxb6 44. a5 Ke6 45. Kc5 Na4+ 46. Kc6 d4
47. a6 d3 48. a7 d2 49. a8=Q d1=Q 50. Qe8+ Kf6 51. Qf8+ Ke6 52. Qe8+ Kf6 53.
Qf8+ Ke6 1/2-1/2

[Event "Bodenseecup"]
[Site "Pfullendorf"]
[Date "2003.05.04"]
[Round "3.1"]
[White "Schmittdiel, Eckhard"]
[Black "Renner, Christoph"]
[Result "1-0"]
[WhiteElo "2536"]
[BlackElo "2418"]
[PlyCount "62"]
[EventDate "2003.05.??"]
[SourceDate "2003.05.03"]
[WhiteTeam "Württemberg"]
[BlackTeam "Bayern"]

1. c4 f5 2. Nf3 Nf6 3. Nc3 g6 4. d4 Bg7 5. Bf4 O-O 6. e3 d6 7. c5 Nh5 8. Qb3+
Kh8 9. Be2 Nc6 10. O-O-O Bd7 11. d5 Na5 12. Qa3 c6 13. Bg5 Nf6 14. cxd6 exd6
15. dxc6 Nxc6 16. Rxd6 Qc8 17. Nd2 Ne8 18. Rd3 b5 19. Be7 Rf7 20. Bf3 a5 21.
Qc5 Ne5 22. Rd4 Qxc5 23. Bxc5 Rc8 24. Bd5 Rf6 25. b4 Nc7 26. Bb7 Rb8 27. Nf3
Rf7 28. Ng5 Rf6 29. f4 Nf7 30. Rxd7 Nxg5 31. fxg5 Re6 1-0

[Event "Bodenseecup"]
[Site "Pfullendorf"]
[Date "2003.05.04"]
[Round "3.2"]
[White "Bromberger, Stefan"]
[Black "Reuss, Andreas"]
[Result "1/2-1/2"]
[WhiteElo "2417"]
[BlackElo "2372"]
[PlyCount "71"]
[EventDate "2003.05.??"]
[SourceDate "2003.05.03"]
[WhiteTeam "Bayern"]
[BlackTeam "Württemberg"]

1. e4 c6 2. d4 d5 3. e5 Bf5 4. Nc3 Qb6 5. h4 h5 6. Nge2 Bd7 7. Nf4 e6 8. Nce2
c5 9. c3 Nc6 10. Rh3 Nh6 11. dxc5 Bxc5 12. Nd3 Be7 13. Bg5 Ng4 14. Bxe7 Kxe7
15. f4 d4 16. Qb3 Qxb3 17. axb3 dxc3 18. bxc3 b6 19. Nf2 f5 20. Rd3 Rhd8 21. g3
Be8 22. Rxd8 Rxd8 23. Nxg4 hxg4 24. Nd4 Nxd4 25. Rxa7+ Kf8 26. cxd4 b5 27. Ra2
Rxd4 28. Rd2 Rb4 29. Rd3 Bc6 30. Kd2 Bd5 31. Re3 Rxb3 32. Rxb3 Bxb3 33. Kc3 Bd5
34. Kb4 Ke7 35. Bxb5 Be4 36. Kc5 1/2-1/2

[Event "Bodenseecup"]
[Site "Pfullendorf"]
[Date "2003.05.04"]
[Round "3.3"]
[White "Gheng, Josef"]
[Black "Umansky, Mikhail"]
[Result "1/2-1/2"]
[WhiteElo "2335"]
[BlackElo "2415"]
[PlyCount "54"]
[EventDate "2003.05.??"]
[SourceDate "2003.05.03"]
[WhiteTeam "Württemberg"]
[BlackTeam "Bayern"]

1. e4 g6 2. d4 Bg7 3. h3 Nf6 4. e5 Nd5 5. Bc4 Nb6 6. Bb3 O-O 7. f4 d6 8. Nf3
Nc6 9. c3 Bf5 10. Qe2 Na5 11. Bd1 c5 12. O-O dxe5 13. fxe5 Nc6 14. Qf2 cxd4 15.
cxd4 f6 16. Bb3+ Kh8 17. exf6 exf6 18. Nh4 Be4 19. Nc3 f5 20. Qg3 Bxd4+ 21. Kh1
Be5 22. Nxg6+ hxg6 23. Qxg6 Qd6 24. Qh5+ Kg7 25. Nxe4 fxe4 26. Rf7+ Rxf7 27.
Qxf7+ Kh8 1/2-1/2

[Event "Bodenseecup"]
[Site "Pfullendorf"]
[Date "2003.05.04"]
[Round "3.4"]
[White "Ostermeyer, Peter"]
[Black "Schnepp, Gunnar"]
[Result "1/2-1/2"]
[WhiteElo "2410"]
[BlackElo "2307"]
[PlyCount "82"]
[EventDate "2003.05.??"]
[SourceDate "2003.05.03"]
[WhiteTeam "Bayern"]
[BlackTeam "Württemberg"]

1. e4 c5 2. Nf3 e6 3. c3 d5 4. exd5 exd5 5. d4 Bd6 6. Bb5+ Nc6 7. O-O Nge7 8.
dxc5 Bxc5 9. Nbd2 O-O 10. Nb3 Bb6 11. Nbd4 Bg4 12. Be2 Nxd4 13. Nxd4 Bxe2 14.
Nxe2 Nc6 15. Bf4 Re8 16. Qd2 Qf6 17. Rae1 h6 18. Ng3 Rac8 19. Nh5 Qf5 20. Ng3
Qf6 21. Nh5 Qg6 22. Ng3 d4 23. Rxe8+ Rxe8 24. cxd4 Nxd4 25. Be3 Rd8 26. Bxd4
Rxd4 27. Qe2 Kh7 28. b3 Qf6 29. Re1 g6 30. Nf1 Re4 31. Ne3 Qc3 32. g3 a6 33.
Kg2 Kg7 34. h4 h5 35. Kf1 f5 36. Qf3 Qd3+ 37. Kg2 Bxe3 38. Rxe3 Rxe3 39. Qxb7+
Kh6 40. fxe3 Qe2+ 41. Kh3 Qxa2 1/2-1/2

[Event "Bodenseecup"]
[Site "Pfullendorf"]
[Date "2003.05.04"]
[Round "3.5"]
[White "Lorscheid, Gerhard"]
[Black "Janz, Frerik"]
[Result "1-0"]
[WhiteElo "2315"]
[BlackElo "2393"]
[PlyCount "63"]
[EventDate "2003.05.??"]
[SourceDate "2003.05.03"]
[WhiteTeam "Württemberg"]
[BlackTeam "Bayern"]

1. d4 Nf6 2. c4 c5 3. d5 e6 4. Nc3 exd5 5. cxd5 d6 6. e4 g6 7. Bd3 Bg7 8. Nge2
O-O 9. O-O Nbd7 10. h3 a6 11. a4 Re8 12. Ng3 Qc7 13. f4 Rb8 14. Bc4 Nb6 15. Be2
c4 16. Be3 Nbd7 17. Ba7 b5 18. Bxb8 Qxb8 19. axb5 axb5 20. b4 cxb3 21. Bxb5
Nxd5 22. Qxd5 Bxc3 23. Ra8 Qb6+ 24. Kh2 b2 25. Bc4 Kh8 26. Qxf7 Rf8 27. Rxc8
Rxc8 28. Qxd7 Rxc4 29. Qe8+ Kg7 30. Qe7+ Kh6 31. Nf5+ gxf5 32. Qg5# 1-0

[Event "Bodenseecup"]
[Site "Pfullendorf"]
[Date "2003.05.04"]
[Round "3.6"]
[White "Maier, Alexander"]
[Black "Meier, Thomas"]
[Result "1-0"]
[WhiteElo "2371"]
[BlackElo "2280"]
[PlyCount "80"]
[EventDate "2003.05.??"]
[SourceDate "2003.05.03"]
[WhiteTeam "Bayern"]
[BlackTeam "Württemberg"]

1. e4 c5 2. Nf3 d6 3. Bb5+ Bd7 4. Bxd7+ Qxd7 5. c4 e5 6. Nc3 g6 7. a3 Nc6 8.
O-O Nge7 9. b4 b6 10. bxc5 bxc5 11. d3 Bg7 12. Nd5 Nd4 13. Nxd4 exd4 14. Nxe7
Kxe7 15. f4 Rab8 16. Qf3 Rb3 17. Ra2 f6 18. Re2 Kd8 19. e5 Qb7 20. Qh3 dxe5 21.
fxe5 f5 22. e6 Bf6 23. Qg3 Ke7 24. Bf4 Qc6 25. Bg5 Rf8 26. Qh4 h5 27. Qg3 Bxg5
28. Qxg5+ Rf6 29. Qh6 Rxe6 30. Rfe1 Rxe2 31. Rxe2+ Kf6 32. h4 Rb8 33. Qg5+ Kg7
34. Re7+ Kf8 35. Re1 Re8 36. Rb1 Rc8 37. Qh6+ Kg8 38. Qg5 Re8 39. Rf1 Qe6 40.
Kh1 Qe3 1-0

[Event "Bodenseecup"]
[Site "Pfullendorf"]
[Date "2003.05.04"]
[Round "3.7"]
[White "Hoensch, Matthias"]
[Black "Kurz, Eugen"]
[Result "1/2-1/2"]
[WhiteElo "2312"]
[BlackElo "2362"]
[PlyCount "62"]
[EventDate "2003.05.??"]
[SourceDate "2003.05.03"]
[WhiteTeam "Württemberg"]
[BlackTeam "Bayern"]

1. Nf3 c5 2. c4 Nc6 3. g3 g6 4. Nc3 Bg7 5. Bg2 d6 6. O-O Nh6 7. d3 Nf5 8. Qd2
Rb8 9. b3 O-O 10. Bb2 a6 11. Nd5 f6 12. e3 e6 13. Nf4 e5 14. Nd5 Nfe7 15. Ne1
f5 16. f4 Be6 17. Nxe7+ Nxe7 18. Nf3 Qc7 19. Rac1 h6 20. Rfd1 Rbd8 21. Bc3 Rfe8
22. Qb2 Nc6 23. d4 e4 24. d5 Bxc3 25. Rxc3 exf3 26. Bxf3 Bd7 27. dxc6 Bxc6 28.
Bd5+ Bxd5 29. Rxd5 Re6 30. Rcd3 Qe7 31. Kf2 b6 1/2-1/2

[Event "Bodenseecup"]
[Site "Pfullendorf"]
[Date "2003.05.04"]
[Round "3.8"]
[White "Kaiser, Wolfgang"]
[Black "Braeuning, Rudolf Wilhelm"]
[Result "1/2-1/2"]
[WhiteElo "2339"]
[BlackElo "2255"]
[PlyCount "41"]
[EventDate "2003.05.??"]
[SourceDate "2003.05.03"]
[WhiteTeam "Bayern"]
[BlackTeam "Württemberg"]

1. Nf3 d5 2. g3 Nf6 3. Bg2 Bf5 4. d3 e6 5. O-O h6 6. b3 c5 7. c4 Nc6 8. cxd5
exd5 9. Nbd2 Be7 10. Bb2 O-O 11. d4 Re8 12. a3 a5 13. Re1 Qb6 14. dxc5 Bxc5 15.
e3 Ng4 16. Nf1 Rad8 17. Re2 d4 18. exd4 Rxe2 19. Qxe2 Nxd4 20. Nxd4 Bxd4 21.
Bxd4 1/2-1/2

[Event "Bodenseecup"]
[Site "Pfullendorf"]
[Date "2003.05.04"]
[Round "3.9"]
[White "Bauer, Peter"]
[Black "Hirn, Oskar"]
[Result "1-0"]
[WhiteElo "2240"]
[BlackElo "2330"]
[PlyCount "79"]
[EventDate "2003.05.??"]
[SourceDate "2003.05.03"]
[WhiteTeam "Württemberg"]
[BlackTeam "Bayern"]

1. e4 e5 2. Nf3 d6 3. d4 Nd7 4. Nc3 c6 5. a4 Be7 6. Bc4 Ngf6 7. Bb3 O-O 8. O-O
b6 9. Re1 a6 10. Bg5 Rb8 11. Qd2 b5 12. axb5 axb5 13. h3 Re8 14. Qe3 Qc7 15.
dxe5 dxe5 16. Nh4 Nc5 17. Nf5 Bxf5 18. exf5 Nxb3 19. Ra7 Qc8 20. cxb3 Qxf5 21.
Ne4 Nd5 22. Qg3 Bb4 23. Re2 Re6 24. Qg4 Qxg4 25. hxg4 h6 26. Bd2 Nf4 27. Re1
Bxd2 28. Nxd2 Nd3 29. Re2 Rd8 30. Ne4 Rd4 31. Re3 Nxb2 32. g5 Nd3 33. gxh6 Rxh6
34. Ng5 Rhd6 35. Nxf7 Rf6 36. Nxe5 Nxf2 37. Ra8+ Kh7 38. Nf3 Ng4 39. Nxd4 Nxe3
40. Rc8 1-0

[Event "Bodenseecup"]
[Site "Pfullendorf"]
[Date "2003.05.04"]
[Round "3.10"]
[White "Deglmann, Ludwig"]
[Black "Saur, Michael"]
[Result "1/2-1/2"]
[WhiteElo "2278"]
[BlackElo "2149"]
[PlyCount "43"]
[EventDate "2003.05.??"]
[SourceDate "2003.05.03"]
[WhiteTeam "Bayern"]
[BlackTeam "Württemberg"]

1. d4 e6 2. e4 d5 3. e5 c5 4. c3 Nc6 5. Nf3 Bd7 6. Be2 Nge7 7. dxc5 Ng6 8. b4
Ngxe5 9. Nxe5 Nxe5 10. O-O Be7 11. Be3 O-O 12. f4 Nc6 13. Nd2 Bf6 14. b5 Na5
15. Bd4 Rc8 16. Bd3 Qe7 17. Qa4 Bxd4+ 18. cxd4 Qf6 19. Nf3 Nc4 20. Bxc4 dxc4
21. Ne5 a6 22. Qd1 1/2-1/2

[Event "Bodenseecup"]
[Site "Pfullendorf"]
[Date "2003.05.04"]
[Round "3.11"]
[White "Namyslo, Holger"]
[Black "Shekhter, Dmitriy"]
[Result "1-0"]
[WhiteElo "2303"]
[BlackElo "2206"]
[PlyCount "75"]
[EventDate "2003.05.??"]
[SourceDate "2003.05.03"]
[WhiteTeam "Württemberg"]
[BlackTeam "Bayern"]

1. e4 c5 2. Nf3 Nc6 3. d4 cxd4 4. Nxd4 g6 5. Nc3 Bg7 6. Nb3 Nf6 7. Be2 O-O 8.
O-O a5 9. a4 Nb4 10. Bg5 d6 11. f4 Bd7 12. Bf3 Bc6 13. Kh1 Re8 14. Bh4 Qc7 15.
Nd4 Rad8 16. Nxc6 bxc6 17. Qe2 Nd7 18. Bg4 Rb8 19. Rad1 Nc5 20. f5 Nd7 21. Bg3
Ne5 22. Bh3 Qa7 23. Bf4 Qc5 24. Be3 Qc4 25. Qf2 Rf8 26. Bg5 f6 27. Bf4 Qf7 28.
Qe2 Kh8 29. Bxe5 fxe5 30. fxg6 Qxg6 31. Bf5 Qg5 32. Rf3 Qh6 33. Rg3 Qf6 34. Rh3
Rf7 35. Qh5 Bf8 36. g4 e6 37. Bxh7 Kg7 38. Bg6 1-0

[Event "Bodenseecup"]
[Site "Pfullendorf"]
[Date "2003.05.04"]
[Round "3.12"]
[White "Lauer, Moritz"]
[Black "Plenca, Julian"]
[Result "1-0"]
[WhiteElo "2169"]
[BlackElo "2066"]
[PlyCount "79"]
[EventDate "2003.05.??"]
[SourceDate "2003.05.03"]
[WhiteTeam "Bayern"]
[BlackTeam "Württemberg"]

1. e4 e6 2. d4 d5 3. Nd2 Nf6 4. e5 Nfd7 5. Bd3 c5 6. c3 Nc6 7. Ne2 cxd4 8. cxd4
f6 9. exf6 Nxf6 10. O-O Bd6 11. Nf3 Qc7 12. Nc3 a6 13. h3 O-O 14. Be3 Bd7 15.
Rc1 Be8 16. Re1 Bh5 17. g4 Bf7 18. Ne5 Bxe5 19. dxe5 Nd7 20. Bf4 Bg6 21. Bg3
Bxd3 22. Qxd3 Qb6 23. Nxd5 Qd4 24. Ne7+ Kh8 25. Qxd4 Nxd4 26. Kg2 Rae8 27. Red1
Ne2 28. Rc7 Nxg3 29. Kxg3 Nxe5 30. f4 Nf7 31. Rxb7 g5 32. f5 e5 33. Kf3 Rd8 34.
Rbd7 Rb8 35. b3 Rb5 36. Nd5 Rc5 37. Rc7 Ra5 38. Nc3 Kg7 39. Rdd7 Kg8 40. Ke4
1-0